I was so mad / (Record no. 5317)

MARC details
000 -LEADER
fixed length control field 00785nam a22002897a 4500
001 - CONTROL NUMBER
control field 5317
003 - CONTROL NUMBER IDENTIFIER
control field FISKH
005 - DATE AND TIME OF LATEST TRANSACTION
control field 20241126085140.0
008 - FIXED-LENGTH DATA ELEMENTS--GENERAL INFORMATION
fixed length control field 241126b cb ||||| |||| 00| 0 eng d
020 ## - INTERNATIONAL STANDARD BOOK NUMBER
International Standard Book Number 0307619397
040 ## - CATALOGING SOURCE
Original cataloging agency FISKH
Language of cataloging eng
Transcribing agency FISKH
Modifying agency FISKH
050 ## - LIBRARY OF CONGRESS CALL NUMBER
Classification number PZ7.M462
082 ## - DEWEY DECIMAL CLASSIFICATION NUMBER
Classification number 152.4
100 ## - MAIN ENTRY--PERSONAL NAME
Personal name Mayer, Mercer
Dates associated with a name (1943-)
245 ## - TITLE STATEMENT
Title I was so mad /
Statement of responsibility, etc. By Mercer Mayer
250 ## - EDITION STATEMENT
Edition statement Published in 1983
260 ## - PUBLICATION, DISTRIBUTION, ETC.
Place of publication, distribution, etc. New York :
Name of publisher, distributor, etc. Golden Book,
Date of publication, distribution, etc. 1983.
300 ## - PHYSICAL DESCRIPTION
Extent 23 pages :
Other physical details Color illustrations ;
Dimensions 21 cm
505 ## - FORMATTED CONTENTS NOTE
Formatted contents note J<br/>
520 ## - SUMMARY, ETC.
Summary, etc. A child tries a variety of ways to dissolve anger.
521 8# - TARGET AUDIENCE NOTE
Target audience note 430L<br/>
Source Lexile<br/>
521 8# - TARGET AUDIENCE NOTE
Target audience note J<br/>
Source Raz-Plus<br/>
650 ## - SUBJECT ADDED ENTRY--TOPICAL TERM
Source of heading or term Feelings
Topical term or geographic name entry element Fiction
650 ## - SUBJECT ADDED ENTRY--TOPICAL TERM
Source of heading or term Little Critter
Topical term or geographic name entry element Family
942 ## - ADDED ENTRY ELEMENTS (KOHA)
Source of classification or shelving scheme Dewey Decimal Classification
Koha item type Books
Suppress in OPAC No
Holdings
Withdrawn status Lost status Source of classification or shelving scheme Damaged status Not for loan Collection Home library Current library Shelving location Date acquired Total Checkouts Full call number Barcode Date last seen Date last checked out Copy number Price effective from Koha item type
    Dewey Decimal Classification     Fiction Footprints International School Library Network Toul Kork Campus Footprints International School Library Network Toul Kork Campus TK Primary Library Room(4th Floor), Bookcase 1&2, Shelves 1-16, Dark Blue Books 11/26/2024 1 MAY 152.4 PZ7.M462 2024-2376 03/19/2025 03/12/2025 1 11/26/2024 Books